|
|
|
|
| LEADER |
00000nam a22000007a 4500 |
| 005 |
20190930223347.0 |
| 007 |
cr|||| |||| |
| 008 |
190930s2019 ar |||||s|||| 00||0 spa d |
| 020 |
|
|
|a 9783659650970
|
| 035 |
|
|
|a 28841
|
| 040 |
|
|
|a vLex
|
| 090 |
|
|
|c 9675
|d 9675
|
| 100 |
1 |
|
|a Sosa, Marcos Ezequiel
|
| 245 |
1 |
0 |
|a Juicio por Jurados
|h [Recurso electrn̤ico] /
|c Marcos Ezequiel Sosa
|
| 256 |
|
|
|a Servicio en ln̕ea
|
| 260 |
|
|
|a Buenos Aires:
|b Editorial Acadm̌ica Espaǫla,
|c 2019
|
| 300 |
|
|
|a 1 recurso electrn̤ico
|
| 500 |
|
|
|a El presente libro tiene como objetivo dar cuenta de la importancia que ha tenido el instituto de juicio por jurados en los l︢timos tiempos en Argentina, se expondrǹ los distintos sistemas o modelos vigentes en la actualidad, dando una idea general del instituto en nuestro pas̕. Se analizaran artc̕ulos constitucionales, teniendo en cuenta las atribuciones otorgadas al Congreso Nacional enumeradas en la Carta Magna.
|
| 506 |
1 |
|
|a Disponible solo en los productos indicados
|d vLex Global
|d vLex Global (Academic Edition, excluding Law Schools)
|d vLex Global (U.S. Academic Edition, Law Schools)
|d vLex Global (U.S. Academic Edition, excluding Law Schools)
|d vLex Global (Academic Edition, Law Schools)
|
| 650 |
0 |
4 |
|a Derecho Penal
|z Argentina
|
| 740 |
0 |
|
|a vLex Libros (Servicio en ln̕ea)
|
| 856 |
4 |
0 |
|u http://vlex.com/source/28841
|z Acceso restringido
|
| 942 |
|
|
|c BOOK
|
| 999 |
0 |
|
|a Criminal law
|